| 000 | 01084cam a22002174a 4500 | ||
|---|---|---|---|
| 005 | 20250605164327.0 | ||
| 008 | 250528s ||||||||||||||||||||||||d | ||
| 035 | _a23099 | ||
| 020 | _a750627174 | ||
| 040 |
_aGR-AtMCL _bgre _dGR-AtMCL _eAACR2 |
||
| 245 | 1 | _aFunctional Anatomy of the Spine | |
| 250 | _a2nd | ||
| 260 |
_bElsevier - Butterworth Heinemann, _c2005 |
||
| 300 | _a362 | ||
| 520 | _aThis book provides the reader with vital background information on normal function and abnormal disfuction of the spine, the response of tissues to injury and the effects of age related changes. Foreword, Preface, Structure of the Vertebral Column, Intervertebral Discs, Muscles of the Vertebral Column, Blood Supply of the Spinal Cord and the Vertebral Column, Normal Movement, Sacroiliac Joints, Innervation of the Vertebral Column, Biomechanics of the Spinal Cord and Meninges, Embryology and Development and Ageing and Degeneration, Posture, Index. | ||
| 700 | 1 |
_aMiddleditch Alison _98652 |
|
| 700 | 1 |
_aOliver Jean _98653 |
|
| 942 | _cBK | ||
| 999 |
_c8129 _d8129 |
||